Engineering Properties of Foods / (Record no. 337754)

MARC details
000 -LEADER
fixed length control field 00415cam a2200169ua 4500
020 ## - INTERNATIONAL STANDARD BOOK NUMBER
International Standard Book Number 0-8247-7526-0
020 ## - INTERNATIONAL STANDARD BOOK NUMBER
International Standard Book Number 9781466556423
082 ## - DEWEY DECIMAL CLASSIFICATION NUMBER
Classification number 664.07
Item number RAO/EN
245 00 - TITLE STATEMENT
Title Engineering Properties of Foods /
250 ## - EDITION STATEMENT
Edition statement 1 / 3/ 4
260 N# - PUBLICATION, DISTRIBUTION, ETC. (IMPRINT)
Place of publication, distribution, etc. Boca Raton
Name of publisher, distributor, etc. CRC Press
Date of publication, distribution, etc. 1986.
300 ## - PHYSICAL DESCRIPTION
Extent 398 / 800
500 ## - GENERAL NOTE
General note **Reference
700 1# - ADDED ENTRY--PERSONAL NAME
Personal name Rao M. A.
9 (RLIN) 60
700 1# - ADDED ENTRY--PERSONAL NAME
Personal name Rizvi, Syed S. H .
9 (RLIN) 468
942 ## - ADDED ENTRY ELEMENTS (KOHA)
Koha item type Reference Book
Holdings
Withdrawn status Lost status Damaged status Not for loan Home library Current library Shelving location Date acquired Total Checkouts Full call number Barcode Date last seen Date checked out Price effective from Koha item type Total Renewals Copy number Collection code Source of acquisition Cost, normal purchase price
        Kelappaji College of Agricultural Engineering & Technology Library, Tavanur Kelappaji College of Agricultural Engineering & Technology Library, Tavanur   07/04/2012 3 664 RAO/EN KAU_KCAEFT-19857 23/10/2024 07/06/2024 03/09/2025 Reference Book          
        Kelappaji College of Agricultural Engineering & Technology Library, Tavanur Kelappaji College of Agricultural Engineering & Technology Library, Tavanur   07/04/2012 13 664 KAU_KCAEFT-20216 04/05/2024 06/03/2024 07/04/2012 Books (General) 6 2      
        Kelappaji College of Agricultural Engineering & Technology Library, Tavanur Kelappaji College of Agricultural Engineering & Technology Library, Tavanur   31/03/2012   664 RAO/EN KAU_KCAEFT-22622 03/09/2025   04/01/2013 Books (General)     Reference Book Universal Research Books, Thrissur 13053.90
        Kelappaji College of Agricultural Engineering & Technology Library, Tavanur Kelappaji College of Agricultural Engineering & Technology Library, Tavanur   26/07/2016 2 664.07 RAO/EN KAU_KCAEFT-24474 04/07/2024 07/06/2024 26/07/2016 Reference Book     Reference Book Neoti Book Agency , New Delhi. 18948.60
Kerala Agricultural University Central Library
Thrissur-(Dt.), Kerala Pin:- 680656, India
Ph : (+91)(487) 2372219
E-mail: librarian@kau.in
Website: http://library.kau.in/